Primeros impactos de un pacto sin pueblo
Kaydedildi:
| Materyal Türü: | Metin |
|---|---|
| Etiketler: |
Etiketle
Etiket eklenmemiş, İlk siz ekleyin!
|
MARC
| LEADER | 00000 a a2200000 04500 | ||
|---|---|---|---|
| 001 | 7103 | ||
| 003 | |||
| 040 | |||
| 245 | |a Primeros impactos de un pacto sin pueblo | ||
| 773 | |g volumen 18, número 209; páginas 3-15 | ||
| 999 | |c 37176 |d 37176 | ||
